Apolónia herečka Pola Negri poznala chuť svetovej slávy, jej otec bol drotár zo Slovenska

Bibliographic Details
Main Author: Getting, Peter, 1975- (Author)
Format: Article
Language:Slovak
PhysicalDescription:Fotogr.
ISSN:1210-4040
Subjects:
Online Access:http://www.pluska.sk/plus-7-dni/ludia/vamp-z-kysuc-prva-europanka-hollywoode-mala-slovenske-korene.html

MARC

LEADER 00000nab a2200000 a 4500
001 vtls010618982
003 SK-MaSNL
005 20260303193243.0
008 140910c2014 xo wrzp 0 0slo
015 |a SNBRB2014/09  |2 rvgkpd 
038 |a RVGKPD 
040 |a RVGKPD  |b slo  |c RVGKPD  |e AACR2 
041 0 |a slo 
044 |a xo  |c SK 
080 |a 791.071.2  |2 2001 
080 |a 929 Negri, Pola  |2 2001 
100 1 |a Getting, Peter,  |d 1975-  |4 aut  |9 234075 
245 1 0 |a Apolónia  |b herečka Pola Negri poznala chuť svetovej slávy, jej otec bol drotár zo Slovenska  |c Peter Getting 
246 3 |a Vamp z Kysúc [elektronický zdroj] 
300 |b Fotogr. 
600 1 7 |a Negri, Pola,  |d 1897-1987  |2 rvgkpd  |9 157467 
650 0 7 |a americké herečky  |2 rvgkpd  |9 1053592 
773 0 |t Plus 7 dní  |g Roč. XXIV, č. 32 (2014), s. [62]-64  |x 1210-4040 
852 |a RVGKPD  |b KIS3G 
856 4 1 |u http://www.pluska.sk/plus-7-dni/ludia/vamp-z-kysuc-prva-europanka-hollywoode-mala-slovenske-korene.html 
958 |a BX 
958 |a SK 
958 |a US 
992 |a RBX 
999 |c 2151313  |d 2153243